| 000 | 00309nam a22001217a 4500 | ||
|---|---|---|---|
| 020 | _a1572316217 | ||
| 082 |
_222 _a005.10684 |
||
| 100 | _aMcConnell, Steve. | ||
| 245 | _aSoftware project survival guide / | ||
| 260 |
_aUSA, _bMicrosoft Press, _cc1998. |
||
| 300 |
_axi, 288p. ; _bill. ; _c23 cm. |
||
| 942 |
_2ddc _cIT |
||
| 999 |
_c1835 _d1835 |
||